000 00347nam a2200145Ia 4500
008 100415s9999 xx 000 0 und d
082 _b10125
_a580
100 _aMathur,R.C
245 _aSystematic Botany
260 _aDELHI
_c0
_bAgra Book Stall
365 _b0
630 _aSystematic Botany
730 _aSystematic Botany
942 _cBOOK
999 _c593054
_d593051